000 00431nam a2200193Ia 4500
005 20250423100736.0
008 250422s9999 xx 000 0 und d
020 _a7069-8745-4
050 _aHF 5625 .K68/
100 _aKothari, C R
245 0 _aQuantitative techniques
250 _a3rd rev. ed.
260 _aNew Delhi
260 _bVikas
260 _c1984
300 _a596 p
650 _aAccounting
942 _cBK
999 _c34211
_d34211